000
00267 a2200109 4500
000
nam a22 7a 4500
020
_a
9780367268763
100
_a
Yallup,Kevin
_9
110
245
_a
Technologies for smart sensors and sensor fusion
260
_b
CRC
_c
2019
264
_b
CRC
999
_c
35996
_d
35996